000 00775cam a2200217 a 4500
001 000001318
005 20200929145536.0
008 700928s1969 xxubd rb 001 0 eng d
040 _aDO-SdBNP
_bspa
_cBNPHU
082 _a309.1/73
_bB789a, 1968.
100 1 _aBoyd, Maurice,
_d1921-
_94455
245 1 0 _aAmerican civilization :
_ban introduction to the social sciences /
_cMaurice Boyd y Donald Worcester ; introducción Harry J. Carman.
250 _a2a ed.
260 _aBoston, Massachusetts :
_bAllyn and Bacon,
_c1969.
300 _axv, 787 p. :
_bgráf., mapas ;
_c24 cm.
500 _aIncluye índice
504 _aBibliografía : p. 731-755.
590 _aInventariado, 2019/BT
700 1 _aWorcester, Donald Emmet
_94456
700 1 _aCarman, Harry J.,
_epról.
_94457
999 _c1253
_d1253